| 000 | 00508nam a22001937a 4500 | ||
|---|---|---|---|
| 003 | MPLRDC | ||
| 005 | 20220104190141.0 | ||
| 008 | 210129b ||||| |||| 00| 0 eng d | ||
| 020 | _a978-967-5413-89-6 | ||
| 082 | _a855 WRQ-32 | ||
| 100 | _a吴若权 | ||
| 245 |
_a今天你给自己打几分 _c |
||
| 250 | _a初版 | ||
| 260 |
_a马来西亚 _b海滨出版(马)有限公司 _c2010 |
||
| 300 | _b平 | ||
| 490 | _a吴若权作品 | ||
| 650 | _a散文;随笔、日记 | ||
| 942 |
_cBK _o855 WRQ-32 |
||
| 999 |
_c63654 _d63644 |
||